[Event "Open Ricany 2012"]
[Site "http://www.openricany.cz/"]
[Date "2012.08.31"]
[Round "7.5"]
[White "Juptner, Jan"]
[Black "Schmalz, Michal"]
[Result "1-0"]
[WhiteElo "2378"]
[BlackElo "2040"]
[PlyCount "78"]
[EventDate "2012.??.??"]

1. d4 Nf6 2. c4 g6 3. Nc3 Bg7 4. e4 d6 5. f3 c6 6. Be3 a6 7. Qd2 b5 8. O-O-O
bxc4 9. Bh6 Bxh6 10. Qxh6 Qa5 11. Bxc4 Be6 12. Bxe6 fxe6 13. Nh3 Nbd7 14. Nf4
Nb6 15. Qh3 Qg5 16. Qg3 Qxg3 17. hxg3 Kf7 18. e5 Nfd5 19. Ne4 Nxf4 20. Ng5+ Kg8
21. gxf4 h6 22. Ne4 Nd5 23. g3 c5 24. exd6 exd6 25. Nxd6 cxd4 26. Rxd4 Rd8 27.
Nc4 Kg7 28. a3 Kf6 29. Re1 h5 30. Nd2 h4 31. Ne4+ Ke7 32. gxh4 Rxh4 33. Ng5 Rd6
34. Nxe6 Kd7 35. Nc5+ Kc6 36. Nxa6 Nxf4 37. Nb4+ Kd7 38. Rxd6+ Kxd6 39. Rd1+
Kc7 1-0

[Event "Open Ricany 2012"]
[Site "http://www.openricany.cz/"]
[Date "2012.08.31"]
[Round "7.6"]
[White "Pavlicek, Petr"]
[Black "Rehorek, Martin"]
[Result "0-1"]
[WhiteElo "2001"]
[BlackElo "2310"]
[PlyCount "104"]
[EventDate "2012.??.??"]

1. d4 Nf6 2. c4 e6 3. Nf3 c5 4. Nc3 cxd4 5. Nxd4 d6 6. g3 a6 7. Bg2 Qc7 8. Qd3
Nc6 9. Nxc6 bxc6 10. Bg5 Nd7 11. b3 h6 12. Be3 Bb7 13. O-O Rd8 14. Rac1 c5 15.
f3 Be7 16. Bf2 Ne5 17. Qc2 O-O 18. e4 f5 19. Be3 fxe4 20. Nxe4 Kh8 21. Qe2 Bxe4
22. fxe4 Bf6 23. Rcd1 a5 24. Rf2 Qe7 25. Bh3 a4 26. Qh5 axb3 27. axb3 Nc6 28.
Bxh6 Kg8 29. Be3 Bd4 30. Bxd4 Nxd4 31. Rdf1 Rxf2 32. Rxf2 Nxb3 33. Qg6 Nd4 34.
Bg4 Rf8 35. Rxf8+ Kxf8 36. Bh5 Kg8 37. Qe8+ Qxe8 38. Bxe8 Nf3+ 39. Kf2 Nd2 40.
e5 Nxc4 41. exd6 Nxd6 42. Bg6 Kf8 43. Ke3 Ke7 44. Kf4 Kf6 45. Bc2 g5+ 46. Kf3
Ke5 47. Kg4 Kf6 48. h4 gxh4 49. Kxh4 Nf5+ 50. Kh3 e5 51. g4 Ne3 52. Ba4 c4 0-1

[Event "Open Ricany 2012"]
[Site "http://www.openricany.cz/"]
[Date "2012.08.31"]
[Round "7.7"]
[White "Groh, Jiri"]
[Black "Vorobyov, Yrij"]
[Result "0-1"]
[WhiteElo "2049"]
[BlackElo "2254"]
[PlyCount "92"]
[EventDate "2012.??.??"]

1. c4 e6 2. Nf3 d5 3. e3 c5 4. d4 Nc6 5. cxd5 exd5 6. Be2 Nf6 7. Nc3 a6 8. a4
Bd6 9. O-O O-O 10. b3 cxd4 11. Nxd4 Ne5 12. f4 Nc6 13. Bf3 Bc5 14. Ba3 Bxa3 15.
Rxa3 Qe7 16. Qc1 Nb4 17. Qd2 Re8 18. Nd1 Bg4 19. Bxg4 Nxg4 20. Nf5 Qc5 21. Ra1
Rac8 22. Qb2 Nf6 23. Nf2 Qc2 24. Qxc2 Rxc2 25. Rac1 g6 26. Nd6 Rxe3 27. Nxb7
Rxb3 28. Rxc2 Nxc2 29. Nc5 Ra3 30. g4 Ne3 31. Rb1 Nfxg4 32. Nxg4 Nxg4 33. Rb8+
Kg7 34. Rd8 a5 35. Rd6 Rc3 36. Nb7 Rc4 37. h3 Nf6 38. Nxa5 Rxf4 39. Nc6 Rxa4
40. Ne7 d4 41. Kg2 Ne4 42. Rd8 f5 43. Nc6 Ra3 44. Kf1 Ng5 45. Nxd4 Nxh3 46.
Ne6+ Kf6 {cely partiar tezko citelny, cerny vyhral 55.tahu} 0-1

[Event "Open Ricany 2012"]
[Site "http://www.openricany.cz/"]
[Date "2012.08.31"]
[Round "7.8"]
[White "Chudinovskich, Alexander"]
[Black "Hadzala, Daniel"]
[Result "1/2-1/2"]
[WhiteElo "2248"]
[BlackElo "2127"]
[PlyCount "102"]
[EventDate "2012.??.??"]

1. d4 Nf6 2. Nf3 g6 3. g3 Bg7 4. Bg2 O-O 5. O-O d6 6. Re1 Nbd7 7. e4 e5 8. Nc3
c6 9. a4 a5 10. h3 Re8 11. Be3 Qc7 12. Qd2 exd4 13. Nxd4 Nc5 14. Bf4 Nfd7 15.
Rad1 Ne5 16. b3 Ne6 17. Be3 Nc5 18. f4 Ned7 19. Nde2 Bf8 20. g4 Nf6 21. Ng3 Qe7
22. g5 Nfd7 23. Kh2 Nb6 24. Bd4 Qc7 25. Qf2 Nbd7 26. Rf1 Ne6 27. Be3 Bg7 28.
Nce2 Nec5 29. Rd2 Bf8 30. Nd4 Rb8 31. Rfd1 b5 32. e5 dxe5 33. Nxc6 Rb6 34. axb5
Rxb5 35. fxe5 Nxe5 36. Bf4 Ne6 37. Bxe5 Rxe5 38. Nxe5 Qxe5 39. Rd5 Qc7 40. Qe2
Be7 41. Qb5 Rf8 42. c4 Qf4 43. Rf1 Qh4 44. Ne4 Nf4 45. Rxf4 Qxf4+ 46. Kg1 Qe3+
47. Nf2 Be6 48. Re5 Qg3 49. Ne4 Qe3+ 50. Kh1 Qc1+ 51. Kh2 Qf4+ 1/2-1/2

[Event "Open Ricany 2012"]
[Site "http://www.openricany.cz/"]
[Date "2012.08.31"]
[Round "7.9"]
[White "Cerny, Martin"]
[Black "Janicek, Jindrich"]
[Result "1-0"]
[WhiteElo "2185"]
[BlackElo "2053"]
[PlyCount "55"]
[EventDate "2012.??.??"]

1. d4 d5 2. c4 c6 3. Nf3 Nf6 4. Nc3 e6 5. cxd5 exd5 6. Bg5 Be7 7. Qc2 O-O 8. e3
Nbd7 9. Bd3 Re8 10. O-O Ne4 11. Bxe4 dxe4 12. Nxe4 Nf8 13. Bxe7 Qxe7 14. Ng3 g6
15. Rac1 f5 16. a3 Nd7 17. Rfe1 Nf6 18. Qc5 Qxc5 19. Rxc5 Ne4 20. Re5 Rxe5 21.
Nxe5 Nxg3 22. hxg3 Be6 23. f3 a5 24. Kf2 a4 25. Rc1 Ra5 26. Rc5 Rxc5 27. dxc5
Bc4 28. Nxc4 1-0

[Event "Open Ricany 2012"]
[Site "http://www.openricany.cz/"]
[Date "2012.08.31"]
[Round "7.10"]
[White "Pospisil, Evzen"]
[Black "Sindler, Michal"]
[Result "1/2-1/2"]
[WhiteElo "2083"]
[BlackElo "2144"]
[PlyCount "24"]
[EventDate "2012.??.??"]

1. d4 Nf6 2. c4 g6 3. g3 Bg7 4. Bg2 O-O 5. Nc3 d6 6. Nf3 c6 7. O-O Qa5 8. a3
Be6 9. b4 Qa6 10. c5 dxc5 11. bxc5 b6 12. cxb6 axb6 1/2-1/2

[Event "Open Ricany 2012"]
[Site "http://www.openricany.cz/"]
[Date "2012.08.31"]
[Round "7.11"]
[White "Vanka, Miloslav"]
[Black "Mrna, Vladimir"]
[Result "0-1"]
[WhiteElo "2129"]
[BlackElo "2045"]
[PlyCount "128"]
[EventDate "2012.??.??"]

1. e4 c5 2. Nc3 e6 3. f4 d5 4. Nf3 Nf6 5. e5 Nfd7 6. d4 Nc6 7. Be3 Qb6 8. Qd2
f6 9. Na4 Qc7 10. Nxc5 Nxc5 11. dxc5 fxe5 12. fxe5 Bd7 13. Be2 Nxe5 14. Nxe5
Qxe5 15. O-O-O Qc7 16. Qc3 O-O-O 17. Bg5 Re8 18. Bh5 Be7 19. Bxe7 Rxe7 20. g3
Bc6 21. Bf3 Rd8 22. Qb3 Qa5 23. Rd3 Qxc5 24. Rhd1 Kb8 25. Kb1 Rf8 26. a3 Bb5
27. Rc3 Bc4 28. Qb4 Qxb4 29. axb4 Ref7 30. Bg2 Bf1 31. Rd2 Bxg2 32. Rxg2 e5 33.
Re3 Re7 34. Rd2 Rd8 35. c3 Kc7 36. Kc2 Kd6 37. Red3 Ke6 38. Re2 b5 39. Rd1 Rf8
40. Ra1 e4 41. Ra5 Rb7 42. Ra6+ Ke5 43. Rc6 Rff7 44. Rc8 Rbc7 45. Re8+ Rfe7 46.
Rd8 Rc4 47. b3 Rc6 48. Kd2 Rec7 49. Re3 Rf7 50. Re8+ Kd6 51. Rd8+ Ke6 52. Re8+
Kd7 53. Ra8 Rf2+ 54. Ke1 Rxh2 55. Rxa7+ Kd6 56. Kd1 g6 57. Ra8 Rb2 58. Rd8+ Ke6
59. Rb8 Rxb3 60. Kd2 Rb2+ 61. Kd1 Ra6 62. Kc1 Rf2 63. Kb1 Ke5 64. Re8+ Re6 0-1

[Event "Open Ricany 2012"]
[Site "http://www.openricany.cz/"]
[Date "2012.08.31"]
[Round "7.12"]
[White "Gregor, Jiri"]
[Black "Postupa, Martin"]
[Result "0-1"]
[WhiteElo "2291"]
[BlackElo "2002"]
[PlyCount "82"]
[EventDate "2012.??.??"]

1. d4 e6 2. c4 Nf6 3. Nf3 d5 4. Nc3 Bb4 5. e3 Nbd7 6. Bd2 c6 7. Rc1 O-O 8. Bd3
b6 9. O-O Bb7 10. a3 Be7 11. e4 dxe4 12. Nxe4 Nxe4 13. Bxe4 Nf6 14. Bb1 c5 15.
dxc5 Bxf3 16. gxf3 Bxc5 17. b4 Be7 18. Be3 Qc7 19. f4 Rfd8 20. Qf3 g6 21. Kh1
Rac8 22. Rg1 Qc6 23. Qxc6 Rxc6 24. f5 exf5 25. Bxf5 h5 26. Bh3 Rd3 27. Ra1 Rc3
28. Bf1 Ng4 29. Bd4 Rc2 30. Re1 Bf6 31. Re8+ Kg7 32. Rxg4 hxg4 33. Be3 Ra2 34.
b5 Rc7 35. Ra8 Rd7 36. c5 Rd1 37. Kg2 Raa1 38. cxb6 Rxf1 39. Kg3 axb6 40. Bxb6
Rfb1 41. a4 Rb4 0-1

[Event "Open Ricany 2012"]
[Site "http://www.openricany.cz/"]
[Date "2012.08.31"]
[Round "7.13"]
[White "Kozak, Milos"]
[Black "Janacek, Jaroslav"]
[Result "1/2-1/2"]
[WhiteElo "2195"]
[BlackElo "2020"]
[PlyCount "56"]
[EventDate "2012.??.??"]

1. d4 d6 2. Nf3 g6 3. c4 Bg7 4. g3 c5 5. d5 Qb6 6. Nbd2 Nf6 7. Bg2 O-O 8. O-O
Bg4 9. Qc2 Na6 10. a3 Nc7 11. e4 Qa6 12. Re1 b5 13. Bf1 bxc4 14. Bxc4 Qb7 15.
Rb1 a5 16. b3 Rab8 17. Bb2 Nce8 18. Bc3 Qc7 19. Kg2 Nd7 20. h3 Bxf3+ 21. Nxf3
Bxc3 22. Qxc3 f6 23. Nd2 Ng7 24. f4 Rf7 25. Nf3 Rbf8 26. Bb5 Nb6 27. a4 f5 28.
Ng5 fxe4 {dale necitelne} 1/2-1/2

[Event "Open Ricany 2012"]
[Site "http://www.openricany.cz/"]
[Date "2012.08.31"]
[Round "7.14"]
[White "Sedy, Pavel"]
[Black "Skala, Jaromir"]
[Result "1/2-1/2"]
[WhiteElo "2155"]
[BlackElo "2038"]
[PlyCount "83"]
[EventDate "2012.??.??"]

1. e4 e5 2. Nf3 Nc6 3. d4 exd4 4. Nxd4 Nf6 5. Nxc6 bxc6 6. e5 Qe7 7. Qe2 Nd5 8.
c4 Ba6 9. b3 Qh4 10. a3 Bc5 11. g3 Bxf2+ 12. Qxf2 Qe4+ 13. Kd2 Qxh1 14. Bg2
Qxh2 15. cxd5 O-O 16. Nc3 c5 17. Bb2 Qh6+ 18. Kc2 Rab8 19. d6 c6 20. Ne4 Qg6
21. Rh1 Rb5 22. Kc1 Rxb3 23. Nxc5 Qg5+ 24. Qf4 Qxg3 25. Qxg3 Rxg3 26. Be4 Bc8
27. Bxh7+ Kh8 28. Nxd7 Bxd7 29. Bf5+ Kg8 30. Bxd7 c5 31. e6 Re3 32. e7 Rb8 33.
e8=Q+ Rbxe8 34. Bxe8 Rxe8 35. Rg1 Rd8 36. Bxg7 Rxd6 37. Bd4+ Rg6 38. Bxc5 Rxg1+
39. Bxg1 Kf8 40. Bxa7 Ke8 41. a4 Kd7 42. a5 1/2-1/2

[Event "Open Ricany 2012"]
[Site "http://www.openricany.cz/"]
[Date "2012.08.31"]
[Round "7.15"]
[White "Moravec, Vit"]
[Black "Fencl, Pavel"]
[Result "1-0"]
[WhiteElo "2115"]
[BlackElo "1966"]
[PlyCount "99"]
[EventDate "2012.??.??"]

1. e4 g6 2. d4 c6 3. Nc3 d5 4. Be3 Bg7 5. Qd2 dxe4 6. Nxe4 Nf6 7. Nxf6+ Bxf6 8.
O-O-O Be6 9. Kb1 b5 10. Ne2 a6 11. Nf4 Bd5 12. Be2 Nd7 13. Nxd5 cxd5 14. f4 Nb6
15. Qd3 Qd6 16. g4 Nc4 17. Bc1 Qb4 18. Bf3 e6 19. f5 Rc8 20. fxe6 fxe6 21. Rhe1
Kd7 22. g5 Bxd4 23. a3 Nxb2 24. axb4 Nxd3 25. Rxd3 Bc3 26. Re2 Rc4 27. Rxc3
Rxc3 28. Bb2 Rxf3 29. Bxh8 Rf5 30. Bf6 Kd6 31. c3 e5 32. Kc2 e4 33. Kd1 Rf1+
34. Kd2 Ra1 35. Bd4 a5 36. bxa5 Rxa5 37. Rf2 Ke7 38. Bc5+ Kd7 39. Ke3 Ra4 40.
Bb4 Ra1 41. Rf7+ Ke8 42. Rxh7 Rg1 43. h4 Rd1 44. Rg7 Rd3+ 45. Kf4 Rh3 46. Rxg6
Rxh4+ 47. Ke5 e3 48. Kxd5 Kf7 49. Rf6+ Kg7 50. Re6 1-0

[Event "Open Ricany 2012"]
[Site "http://www.openricany.cz/"]
[Date "2012.08.31"]
[Round "7.16"]
[White "Skacel, Jan"]
[Black "Hanl, Frantisek"]
[Result "1-0"]
[WhiteElo "2105"]
[BlackElo "1911"]
[PlyCount "63"]
[EventDate "2012.??.??"]

1. c4 e6 2. Nf3 d5 3. d4 c6 4. Nc3 f5 5. Bf4 Nf6 6. e3 Ne4 7. Bd3 Be7 8. O-O
O-O 9. Qb3 Nd7 10. cxd5 exd5 11. Nxe4 fxe4 12. Bxe4 Nf6 13. Bd3 Nh5 14. Be5 Bf6
15. Be2 g5 16. Bxf6 Rxf6 17. Nxg5 Rg6 18. f4 Nf6 19. Bd3 Rg7 20. g3 h6 21. Nf3
Ng4 22. Rae1 h5 23. Ng5 Nh6 24. e4 Bg4 25. exd5 cxd5 26. Re5 Qf6 27. Qxd5+ Kh8
28. Rfe1 h4 29. Re8+ Rxe8 30. Rxe8+ Rg8 31. Rxg8+ Nxg8 32. Qe5 1-0

[Event "Open Ricany 2012"]
[Site "http://www.openricany.cz/"]
[Date "2012.08.31"]
[Round "7.17"]
[White "Vlcek, Marek"]
[Black "Kovar, Josef"]
[Result "0-1"]
[WhiteElo "1952"]
[BlackElo "2052"]
[PlyCount "120"]
[EventDate "2012.??.??"]

1. Nf3 Nc6 2. d4 d5 3. e3 Bg4 4. Be2 Nf6 5. Nbd2 e6 6. b3 Bb4 7. a3 Ne4 8. O-O
Nc3 9. Qe1 Nxe2+ 10. Qxe2 Bc3 11. Ra2 Bxd2 12. Bxd2 O-O 13. h3 Bh5 14. g4 Bg6
15. Ne5 Nxe5 16. dxe5 h5 17. Kh2 hxg4 18. Qxg4 Kh7 19. Rg1 Rh8 20. f3 Kg8 21.
Qg5 Qd7 22. Rg4 Rh5 23. Qf4 Qb5 24. Rg2 Qf1 25. Bc3 Bf5 26. h4 Qb5 27. Ra1 Bg6
28. Rag1 Kh7 29. a4 Qd7 30. Rg5 Rxg5 31. Qxg5 Qd8 32. Qxd8 Rxd8 33. Rg2 c5 34.
Rd2 Rc8 35. Kg3 Bf5 36. Kf4 Bg6 37. Rh2 Kh6 38. Kg4 Bh5+ 39. Kg3 b6 40. Bb2 Rf8
41. Bc1 Kg6 42. e4 f6 43. exd5 fxe5 44. d6 Rxf3+ 45. Kg2 Rf8 46. Bg5 Bf3+ 47.
Kg3 Bc6 48. Kg4 Rf1 49. Rd2 Bd7 50. Be7 Rf4+ 51. Kg3 Kf5 52. Kh3 e4 53. Rg2 e3
54. Re2 Ke4 55. Bg5 Kf3 56. Re1 e5+ 57. Kh2 Kf2 58. Bxf4 exf4 59. Rg1 f3 60. h5
e2 0-1

[Event "Open Ricany 2012"]
[Site "http://www.openricany.cz/"]
[Date "2012.08.31"]
[Round "7.18"]
[White "Lacha, Jan"]
[Black "Voracek, Zdenek"]
[Result "0-1"]
[WhiteElo "1891"]
[BlackElo "2045"]
[PlyCount "92"]
[EventDate "2012.??.??"]

1. d4 Nf6 2. Nc3 d5 3. Bg5 Nbd7 4. Qd3 h6 5. Bh4 c6 6. Nf3 b5 7. Ne5 Qb6 8.
Nxd7 Nxd7 9. e4 dxe4 10. Nxe4 Bb7 11. O-O-O O-O-O 12. Qb3 g5 13. Bg3 f5 14. Nc5
Nxc5 15. dxc5 Rxd1+ 16. Kxd1 Qd8+ 17. Bd3 f4 18. Qe6+ Qd7 19. Qe5 Rg8 20. Kc1
Bg7 21. Qe4 fxg3 22. Qh7 Qd8 23. hxg3 Kb8 24. Rd1 Qf8 25. c3 Rh8 26. Qe4 Qf6
27. Re1 Rd8 28. Bc2 Kc7 29. f4 a5 30. a3 Bc8 31. Qxe7+ Qxe7 32. Rxe7+ Rd7 33.
Re8 Bf6 34. Rf8 Be7 35. Rh8 gxf4 36. gxf4 Bxc5 37. Rxh6 Be3+ 38. Kb1 Bxf4 39.
Rf6 Be5 40. Rf8 Rg7 41. Be4 Bd6 42. Rh8 Be6 43. Ra8 Kb6 44. Rd8 Bc7 45. Rd2 Bb3
46. Bc2 a4 0-1

[Event "Open Ricany 2012"]
[Site "http://www.openricany.cz/"]
[Date "2012.08.31"]
[Round "7.19"]
[White "Novak, Jindrich"]
[Black "Marikova, Jana"]
[Result "0-1"]
[WhiteElo "2041"]
[BlackElo "1887"]
[PlyCount "94"]
[EventDate "2012.??.??"]

1. e4 c5 2. c3 Nf6 3. f3 e6 4. d3 Nc6 5. Ne2 d5 6. Bg5 Be7 7. Na3 O-O 8. g3 Rb8
9. c4 a6 10. Nc3 d4 11. Bxf6 Bxf6 12. Ne2 Ne5 13. Kf2 Bg5 14. Kg2 f5 15. Ng1
Be3 16. Be2 fxe4 17. dxe4 d3 18. f4 Qd4 19. Nf3 Nxf3 20. Bxf3 Qxb2+ 21. Kh3
Qxa3 22. Rb1 Rf6 23. Rb3 Rh6+ 24. Bh5 Qxa2 25. Rxd3 Bd4 26. g4 Qxc4 27. Kh4 g6
28. Kg5 gxh5 29. Kxh6 e5 30. f5 Qf7 31. g5 Qg7+ 32. Kxh5 b5 33. Rg1 Bb7 34. Rg4
c4 35. Rf3 Rf8 36. g6 Kh8 37. Qc1 Rf6 38. Rh3 Bxe4 39. Rxe4 Rxf5+ 40. Kh4 Qxg6
41. Qh6 Qxh6+ 42. Kg3 Bf2+ 43. Kg2 Qg5+ 44. Rg3 Bxg3 45. hxg3 Qd2+ 46. Kh3 Rh5+
47. Kg4 Qd1+ 0-1

[Event "Open Ricany 2012"]
[Site "http://www.openricany.cz/"]
[Date "2012.08.31"]
[Round "7.20"]
[White "Franek, Jan"]
[Black "Haba, Zdenek"]
[Result "1/2-1/2"]
[WhiteElo "1979"]
[BlackElo "2236"]
[PlyCount "76"]
[EventDate "2012.??.??"]

1. e4 c5 2. Nf3 e6 3. d4 cxd4 4. Nxd4 a6 5. Bd3 g6 6. O-O Bg7 7. c3 Ne7 8. Kh1
Nbc6 9. Be3 d5 10. f4 dxe4 11. Bxe4 Bd7 12. Na3 O-O 13. Qd2 Qc7 14. Rad1 Be8
15. Nac2 Rc8 16. g4 Na5 17. Qf2 Nc4 18. Bc1 e5 19. f5 exd4 20. f6 Bh8 21. fxe7
Qxe7 22. Rde1 Qd7 23. Nxd4 Bg7 24. Qg2 Nd6 25. Bf3 Rc5 26. Be3 Re5 27. Bf4 Rxe1
28. Rxe1 Qd8 29. Qg3 Bb5 30. Nxb5 Nxb5 31. Bxb7 Qb6 32. Qg2 h6 33. Bf3 g5 34.
Bg3 f5 35. Bd5+ Kh8 36. gxf5 Rxf5 37. c4 Nc7 38. b3 Rf8 1/2-1/2

[Event "Open Ricany 2012"]
[Site "http://www.openricany.cz/"]
[Date "2012.08.31"]
[Round "7.21"]
[White "Plasek, Zdenek"]
[Black "Kratochvil, Jakub"]
[Result "1/2-1/2"]
[WhiteElo "1983"]
[BlackElo "2152"]
[PlyCount "70"]
[EventDate "2012.??.??"]

1. g3 e5 2. Bg2 Nf6 3. c4 Nc6 4. e4 Bc5 5. h3 d6 6. Nc3 Be6 7. d3 Nd4 8. a3 a6
9. b4 Ba7 10. Nf3 Nxf3+ 11. Qxf3 Bd4 12. Bb2 Qd7 13. Qe2 c6 14. Nd5 cxd5 15.
cxd5 Bxb2 16. Qxb2 Nxd5 17. exd5 Bf5 18. Qe2 O-O 19. Be4 Rac8 20. Kf1 Rc3 21.
Kg2 Rfc8 22. Ra2 Bg6 23. g4 f5 24. gxf5 Bxf5 25. h4 Bg4 26. Qd2 h6 27. Rg1 Qf7
28. Kh2 Qh5 29. Kg3 Bf5 30. f3 Bxe4 31. fxe4 Rf8 32. Kh3 Qf3+ 33. Rg3 Qh1+ 34.
Qh2 Qf1+ 35. Qg2 Kh8 1/2-1/2

[Event "Open Ricany 2012"]
[Site "http://www.openricany.cz/"]
[Date "2012.08.31"]
[Round "7.22"]
[White "Pospisil, Martin"]
[Black "Pycha, Patrik"]
[Result "0-1"]
[WhiteElo "2084"]
[BlackElo "1925"]
[PlyCount "138"]
[EventDate "2012.??.??"]

1. d4 d5 2. c4 e6 3. Nf3 Nf6 4. g3 Be7 5. Bg2 O-O 6. O-O dxc4 7. Ne5 c5 8. dxc5
Bxc5 9. Nc3 Nbd7 10. Nxc4 Qe7 11. Na4 Rd8 12. Qc2 Rb8 13. Nxc5 Nxc5 14. Bf4 Ra8
15. Rfd1 Rxd1+ 16. Rxd1 Ncd7 17. Nd6 Nb6 18. a4 Qf8 19. Nb5 Nbd5 20. Bd6 Qd8
21. e4 a6 22. Bc7 Qf8 23. exd5 axb5 24. dxe6 Bxe6 25. Bxb7 Rxa4 26. Rd8 Ne8 27.
Bd6 Nxd6 28. Rxf8+ Kxf8 29. Qc5 Ra1+ 30. Kg2 Rd1 31. Bf3 Rd2 32. Qg5 Rc2 33.
Qd8+ Ne8 34. b4 Rc8 35. Qd3 Rc4 36. Qd8 g6 37. Qb6 Nc7 38. Qd6+ Kg7 39. h4 h5
40. Bc6 Rxc6 41. Qd4+ Kh7 42. Kh2 Nd5 43. Qd3 Rc4 44. f3 Rxb4 45. Qe2 Rb3 46.
g4 hxg4 47. fxg4 Nf4 48. Qf1 Rh3+ 49. Kg1 Rxh4 50. Qxb5 Rxg4+ 51. Kf2 Nd5 52.
Qb1 Rf4+ 53. Kg3 Rf5 54. Qh1+ Rh5 55. Qb1 Rh3+ 56. Kf2 Ne7 57. Kg2 Rh5 58. Kf3
Nf5 59. Kg2 g5 60. Kf3 Kg6 61. Kg4 Rh4+ 62. Kf3 Bd5+ 63. Ke2 Re4+ 64. Kf2 g4
65. Qb6+ Re6 66. Qc5 g3+ 67. Kf1 g2+ 68. Kf2 Ne3 69. Qf8 Nd1+ 0-1

[Event "Open Ricany 2012"]
[Site "http://www.openricany.cz/"]
[Date "2012.08.31"]
[Round "7.23"]
[White "Sargsyan, Karan"]
[Black "Volek, Radimir"]
[Result "0-1"]
[WhiteElo "1932"]
[BlackElo "2057"]
[PlyCount "80"]
[EventDate "2012.??.??"]

1. e4 c5 2. c3 Nf6 3. e5 Nd5 4. Nf3 e6 5. d4 cxd4 6. cxd4 Nc6 7. a3 d6 8. b4
dxe5 9. dxe5 Bd7 10. Be2 Be7 11. O-O O-O 12. Bd3 Rc8 13. Nbd2 f6 14. Bb2 f5 15.
Nc4 Be8 16. Qd2 Bh5 17. b5 Bxf3 18. bxc6 Rxc6 19. gxf3 Bg5 20. Qa5 b6 21. Qb5
Rc5 22. Qb3 Bf4 23. Rfd1 Qh4 24. Kf1 Bxh2 25. Bc1 Qh3+ 26. Ke2 b5 27. Nd6 Nc3+
28. Ke1 Rxe5+ 29. Be3 Nxd1 30. Rxd1 Qxf3 31. Be2 Qh1+ 32. Kd2 Qd5+ 33. Qd3 Qa2+
34. Ke1 Rd5 35. Qc3 Rxd1+ 36. Bxd1 Bxd6 37. Bb3 Qxa3 38. Bxe6+ Kh8 39. Qc2 Qa1+
40. Ke2 f4 0-1

[Event "Open Ricany 2012"]
[Site "http://www.openricany.cz/"]
[Date "2012.08.31"]
[Round "7.24"]
[White "Kylar, Miroslav"]
[Black "Vavrinec, Tomas"]
[Result "1-0"]
[WhiteElo "1907"]
[BlackElo "2018"]
[PlyCount "43"]
[EventDate "2012.??.??"]

1. d4 Nf6 2. c4 c5 3. d5 e6 4. dxe6 fxe6 5. g3 d5 6. Bg2 Nc6 7. cxd5 exd5 8.
Nc3 Be6 9. Nf3 Qa5 10. O-O Rd8 11. Qb3 Qb4 12. Qc2 Be7 13. Ng5 Nd4 14. Qd3 Bf5
15. e4 dxe4 16. Ncxe4 c4 17. Qd1 Bxe4 18. Nxe4 Nb3 19. Nxf6+ Kf7 20. Bd5+ Kf8
21. Qh5 Rxd5 22. Qe8# 1-0

[Event "Open Ricany 2012"]
[Site "http://www.openricany.cz/"]
[Date "2012.08.31"]
[Round "7.25"]
[White "Danilov, Viacheslav"]
[Black "Koper, Stefan"]
[Result "1-0"]
[WhiteElo "1900"]
[BlackElo "1989"]
[PlyCount "75"]
[EventDate "2012.??.??"]

1. e4 g6 2. d4 Bg7 3. Bc4 e6 4. Ne2 d5 5. exd5 exd5 6. Bd3 Ne7 7. O-O O-O 8.
Bg5 f6 9. Bf4 Be6 10. Na3 c6 11. c3 g5 12. Be3 Nf5 13. Qc2 Qd7 14. Ng3 Nxe3 15.
Bxh7+ Kh8 16. fxe3 Bh6 17. Bf5 Na6 18. Bxe6 Qxe6 19. Qg6 Bg7 20. Rae1 Qf7 21.
Qxf7 Rxf7 22. e4 dxe4 23. Nxe4 Re7 24. Nd6 Rd7 25. Nf5 Bf8 26. Nc4 b5 27. Nd2
c5 28. Re6 Nc7 29. Rxf6 cxd4 30. Nxd4 Bg7 31. Rf7 Bxd4+ 32. cxd4 Rxf7 33. Rxf7
Ne6 34. Nb3 a5 35. d5 a4 36. dxe6 axb3 37. axb3 Kg8 38. Rf5 1-0

[Event "Open Ricany 2012"]
[Site "http://www.openricany.cz/"]
[Date "2012.08.31"]
[Round "7.26"]
[White "Alfimov, Igor"]
[Black "Konvalinka, Vladislav"]
[Result "1/2-1/2"]
[WhiteElo "1969"]
[BlackElo "1908"]
[PlyCount "41"]
[EventDate "2012.??.??"]

1. d4 d5 2. c4 c6 3. Nc3 Nf6 4. Nf3 dxc4 5. a4 Bf5 6. e3 e6 7. Bxc4 Bb4 8. O-O
Nbd7 9. h3 h6 10. Qb3 a5 11. Bd2 Nb6 12. Be2 O-O 13. Na2 Be7 14. Rac1 Ne4 15.
Rfd1 Nxd2 16. Rxd2 Qc7 17. Nc3 Nd7 18. e4 Bg6 19. Rdd1 Qb6 20. Qxb6 Nxb6 21. d5
1/2-1/2

[Event "Open Ricany 2012"]
[Site "http://www.openricany.cz/"]
[Date "2012.08.31"]
[Round "7.27"]
[White "Hrdina, Robin"]
[Black "Paukert, Jan"]
[Result "1-0"]
[WhiteElo "2024"]
[BlackElo "1896"]
[PlyCount "63"]
[EventDate "2012.??.??"]

1. e4 e6 2. d4 d5 3. Nd2 Nf6 4. e5 Nfd7 5. Bd3 c5 6. c3 Nc6 7. Ne2 Qb6 8. Nf3
Be7 9. O-O f6 10. exf6 Nxf6 11. a3 O-O 12. Re1 cxd4 13. cxd4 Bd6 14. Nc3 Bd7
15. Be3 a6 16. Qc2 Qc7 17. Rad1 e5 18. dxe5 Nxe5 19. Nxe5 Bxe5 20. Nxd5 Bxh2+
21. Kh1 Nxd5 22. Bxh7+ Kh8 23. Rxd5 Be8 24. Rd4 Be5 25. Rh4 Qe7 26. Rh3 Bd7 27.
Bf5+ Kg8 28. Bxd7 Qxd7 29. Qh7+ Kf7 30. Qh5+ Kf6 31. Rf3+ Ke6 32. Qg4+ 1-0

[Event "Open Ricany 2012"]
[Site "http://www.openricany.cz/"]
[Date "2012.08.31"]
[Round "7.28"]
[White "Havlik, Frantisek"]
[Black "Rezac, Jindrich"]
[Result "1/2-1/2"]
[WhiteElo "1994"]
[BlackElo "1874"]
[PlyCount "78"]
[EventDate "2012.??.??"]

1. d4 d5 2. c4 e6 3. Nc3 Nf6 4. Nf3 Be7 5. g3 b6 6. Bg2 Bb7 7. O-O O-O 8. b3
dxc4 9. bxc4 c5 10. e3 cxd4 11. exd4 Nbd7 12. Qe2 Rc8 13. Bf4 Nh5 14. Be3 Nhf6
15. Rac1 Ne4 16. Rfd1 Nxc3 17. Rxc3 Nf6 18. Rcc1 Ba3 19. Rc3 Qe7 20. Bg5 Bd6
21. Re3 h6 22. Bxf6 Qxf6 23. d5 exd5 24. cxd5 Rc5 25. Nd4 Bxd5 26. Nb3 Bxb3 27.
axb3 Rc7 28. Red3 Bc5 29. h3 Re7 30. Qc2 Rfe8 31. Rd8 Re1+ 32. Rxe1 Rxd8 33.
Be4 g6 34. Kg2 Kg7 35. f4 Qd4 36. Bf3 Qb4 37. Rd1 Re8 38. Qb2+ Kg8 39. h4 Qb5
1/2-1/2

[Event "Open Ricany 2012"]
[Site "http://www.openricany.cz/"]
[Date "2012.08.31"]
[Round "7.29"]
[White "Cizek, Ondrej"]
[Black "Prochazka, Petr"]
[Result "0-1"]
[WhiteElo "1869"]
[BlackElo "1965"]
[PlyCount "94"]
[EventDate "2012.??.??"]

1. e4 c5 2. c3 d5 3. exd5 Qxd5 4. d4 g6 5. Nf3 cxd4 6. Qxd4 Qxd4 7. Nxd4 Nf6 8.
Be2 Bg7 9. Nb5 Na6 10. Bf4 O-O 11. Nd2 Nd5 12. Bg3 Bd7 13. Rd1 Bc6 14. O-O Nc5
15. Nc7 Nxc7 16. Bxc7 Rac8 17. Bg3 Na4 18. Rb1 Rfd8 19. Bf4 Rd7 20. Nc4 Bxc3
21. bxc3 Nxc3 22. Rb2 Nxe2+ 23. Rxe2 Bb5 24. Rfe1 Rxc4 25. Bg3 Rcd4 26. Rb2 Rd1
27. f3 Rxe1+ 28. Bxe1 Bc6 29. Kf2 e5 30. Re2 f6 31. Bc3 Kf7 32. Rd2 Rxd2+ 33.
Bxd2 Ke6 34. Be3 a6 35. Ke2 e4 36. fxe4 Bxe4 37. g4 f5 38. h3 Kd5 39. Bg5 Kc4
40. gxf5 Bxf5 41. h4 b5 42. a3 Kb3 43. Be7 a5 44. Kf3 b4 45. axb4 axb4 46. Kf4
Kc3 47. Bf6+ Kc2 0-1

[Event "Open Ricany 2012"]
[Site "http://www.openricany.cz/"]
[Date "2012.08.31"]
[Round "7.30"]
[White "Vojtech, Filip"]
[Black "Petrun, Milan"]
[Result "1-0"]
[WhiteElo "1832"]
[BlackElo "1925"]
[PlyCount "64"]
[EventDate "2012.??.??"]

1. d4 Nf6 2. c4 c5 3. Nf3 e6 4. Nc3 d5 5. cxd5 exd5 6. Bg5 Be6 7. e3 Nbd7 8.
Bd3 h6 9. Bh4 Be7 10. O-O c4 11. Bc2 a6 12. e4 g5 13. Bg3 O-O 14. exd5 Nxd5 15.
Ne5 Nxe5 16. Bxe5 f5 17. Qe2 Nb4 18. Rfe1 Bf6 19. Rad1 Bxe5 20. Qxe5 Nxc2 21.
Qxe6+ Kg7 22. Re2 Re8 23. Qxc4 b5 24. Qd3 Rxe2 25. Nxe2 Nb4 26. Qxf5 Qe7 27.
Nc3 Re8 28. h3 Nc6 29. d5 Rf8 30. Qd3 Rf4 31. dxc6 Qc5 32. Qd7+ Kg8 1-0

[Event "Open Ricany 2012"]
[Site "http://www.openricany.cz/"]
[Date "2012.08.31"]
[Round "7.31"]
[White "Krejci, Martin"]
[Black "Vlcek, Vilem"]
[Result "1-0"]
[WhiteElo "1923"]
[BlackElo "1461"]
[PlyCount "53"]
[EventDate "2012.??.??"]

1. e4 c5 2. Nf3 d6 3. d4 cxd4 4. Nxd4 Nf6 5. Nc3 a6 6. Be2 e6 7. O-O Be7 8. Be3
O-O 9. f4 Nc6 10. a4 Nxd4 11. Bxd4 b6 12. Bd3 Nd7 13. Qe2 e5 14. Be3 exf4 15.
Bxf4 Ne5 16. Nd5 Bb7 17. Ra3 Bxd5 18. exd5 Nxd3 19. Rxd3 Bf6 20. Rh3 Qc7 21.
Qd3 g6 22. Bh6 Qc5+ 23. Be3 Qb4 24. Rxf6 Rae8 25. Rf1 Qxb2 26. Bd4 Qb4 27. Rxh7
1-0